Geography Quiz

Random Geography or City Quiz

10 Snowiest Colleges in the USA Quiz Stats

 Plays Quiz not verified by Sporcle

Score 0/11 Timer 06:00
0 Plays Today
State College % Correct
2a. New York (124 in)Syracuse University
90.6%
10. Alaska (62 in)University of Alaska Fairbanks
75.5%
4. New York (94 in)University at Buffalo
73.6%
6. Vermont (81 in)University of Vermont
73.6%
9. New York (65 in)Cornell University
68.6%
3. New York (99 in)University of Rochester
62.9%
2b. New York (124 in)SUNY Oswego
61%
5. Minnesota (86 in)University of Minnesota Duluth
52.8%
8. Michigan (67 in)Western Michigan University
49.7%
1. Michigan (200 in)Michigan Technological University
10.1%
7. New Hampshire (69 in)Southern New Hampshire University
9.4%

You're not logged in!

Compare scores with friends on all Sporcle quizzes.
OR
Log In

Show Comments

Extras

Top Quizzes Today


Score Distribution

Your Account Isn't Verified!

In order to create a playlist on Sporcle, you need to verify the email address you used during registration. Go to your Sporcle Settings to finish the process.

Report this User

Report this user for behavior that violates our Community Guidelines.

Details: